000 00970nam a2200229Ia 4500
999 _c5726
_d5726
003 OSt
005 20200424174556.0
008 191128s1985 ck gr 000 0 spa d
020 _a9589061117
040 _aCO-JMCR
_cCO-JMCR
041 0 _aspa
082 0 4 _a324.286106 /
_bC122e
_223
100 1 _aCadena Copete, Pedro,
_eprologuista
_93570
245 1 0 _aEn los últimos veinticinco años realizaciones y prospectaciones del partido liberal :
_bperíodo laboral 1959-1984, obras selectas /
_cprólogo, selección y criterios Pedro Cadena Copete
260 _aBogotá :
_bCámara de Representantes,
_c1985
300 _a247 páginas ;
_c24 cm.
490 0 _aPensadores políticos colombianos
505 0 _aEl trabajo: obligación social -- Alberto Lleras Camargo -- Las realizaciones del partido liberal -- Prospectaciones de un pensamiento y una política liberal
650 1 4 _aLiberalismo
_zColombia
_93571
650 1 4 _aPartido liberal
_91701
942 _2ddc
_cBK